Homework / (Record no. 12253)
[ view plain ]
| 000 -LEADER | |
|---|---|
| fixed length control field | 00782nam a22002057a 4500 |
| 008 - FIXED-LENGTH DATA ELEMENTS--GENERAL INFORMATION | |
| fixed length control field | 090708t xxu||||| |||| 00| 0 eng d |
| 020 ## - INTERNATIONAL STANDARD BOOK NUMBER | |
| International Standard Book Number | 9780194375740 |
| 020 ## - INTERNATIONAL STANDARD BOOK NUMBER | |
| International Standard Book Number | 0194375749 |
| 082 ## - DEWEY DECIMAL CLASSIFICATION NUMBER | |
| Item number | PAI |
| Classification number | 371.30281 |
| 100 1# - MAIN ENTRY--PERSONAL NAME | |
| Personal name | Painter, Lesley. |
| 9 (RLIN) | 7755 |
| 245 ## - TITLE STATEMENT | |
| Title | Homework / |
| Statement of responsibility, etc | Lesley Painter. |
| 260 ## - PUBLICATION, DISTRIBUTION, ETC. (IMPRINT) | |
| Place of publication, distribution, etc | Oxford : |
| Name of publisher, distributor, etc | Oxford University Press, |
| Date of publication, distribution, etc | c2004. |
| 300 ## - PHYSICAL DESCRIPTION | |
| Extent | xiv, 146 p. : |
| Other physical details | ill ; |
| Dimensions | 25 cm. |
| 490 #0 - Series Statement | |
| Series statement | Resource books for teachers ; |
| 504 ## - BIBLIOGRAPHY, ETC. NOTE | |
| Bibliography, etc | Includes bibliographical references and index. |
| 650 #0 - SUBJECT ADDED ENTRY--TOPICAL TERM | |
| Topical term or geographic name as entry element | Homework. |
| 9 (RLIN) | 7756 |
| 650 #0 - SUBJECT ADDED ENTRY--TOPICAL TERM | |
| Topical term or geographic name as entry element | English language |
| General subdivision | Study and teaching |
| -- | Foreign speakers. |
| 9 (RLIN) | 7757 |
| 942 ## - ADDED ENTRY ELEMENTS (KOHA) | |
| Source of classification or shelving scheme | Dewey Decimal Classification |
| Item type | Book - Borrowing |
| Withdrawn status | Item status | Source of classification or shelving scheme | Damaged status | Not for loan | Vendor | Home library | Current library | Shelving location | Date acquired | Source of acquisition | Cost, normal purchase price | Serial Enumeration / chronology | Total Checkouts | Full call number | Barcode | Date last seen | Koha item type |
|---|---|---|---|---|---|---|---|---|---|---|---|---|---|---|---|---|---|
| Dewey Decimal Classification | Baccah | Central Library | Central Library | First floor | 08/07/2009 | 95.00 | 8139 | 371.30281 PAI | 000017446 | 15/07/2025 | Book - Borrowing |